00398nam a2200145Ia 450000500170000000800410001702000180005810000200007624500310009626000270012730000150015450000370016954600120020665000340021820170619150145.0140602s9999 xx 000 0 und d a0-88312-037-21 aADIVE, John R..14aThe Verbal Piece in Ebira. bSIL,aDallas : c1989. a164 pages; aPublications in Linguistics ; 85 aAnglais 0aLANGUES - Nigeria - Grammaire